000
00256 a2200121 4500
003
Nust
005
20170207153448.0
040
_c
Nust
082
_a
808.899282
245
_a
A Pop Up Book
_b
Aladdin
260
_a
China
_b
Tormont Europe Lim
650
_a
Children Book
942
_2
ddc
_c
BK
999
_c
186706
_d
186706